000 00517nam a2200217Ia 4500
003 OSt
005 20231012100506.0
008 210210b1991 xxu||||| |||| 00| 0 eng d
040 _cAL
041 _aEnglish
082 _a651.3 SAHM
100 _aSAHAI (I M).
_9137628
245 _aModern office management
250 _a4
260 _aAgra.
_bSahitya Bhavan
_c1991
300 _a404,iii
650 _aOffice Management
_9137629
690 _aOffice Management
_9137629
906 _a045445
942 _2ddc
_cBK
999 _c94962
_d94962